| 000 | 00742nam a2200229 i 4500 | ||
|---|---|---|---|
| 001 | 57460 | ||
| 003 | ES-MaACL | ||
| 005 | 20230906163600.0 | ||
| 007 | t| | ||
| 008 | 031016s1982 sp ||||1| spa d | ||
| 100 | 1 |
_aDoerner, Max. _944992 |
|
| 245 | 1 | 4 |
_aLos materiales de pintura y su empleo en el arte / _cMax Doerner ; versión por Hans Gert Müller ; versión de la 14ª ed. alemana por Carlos Sènz de Magarola. |
| 250 | _a4ª ed. | ||
| 260 |
_aBarcelona : _bReverté, _c[1982] |
||
| 300 |
_a461 p. : _bil. ; _c22 cm. |
||
| 500 | _aIndice. | ||
| 504 | _aBibliografía. | ||
| 700 | 1 |
_aMüller, Hans Gert. _984125 |
|
| 700 | 1 |
_aSáenz de Magarola, Carlos. _9187177 |
|
| 852 |
_aES-MaACL _jL-11671 _bR.113360 |
||
| 999 |
_c57460 _d57460 |
||